000 00496nam a2200193Ia 4500
003 GCL
008 140319s9999 xx 000 0 eng d
040 _aGCL /
_cGCL
082 0 4 _a415
_bP G
100 1 _aPALMER, F.R.
245 1 0 _aGRAMMATICAL ROLES AND RELATIONS /
_cPALMER, F.R.
260 _a[S.N] :
_bCAMBRIDGE UNIVERSITY PRESS ،
_c1994
300 _a259 P
650 0 4 _aTYPOLOGY
650 0 4 _aGRAMMAR
650 0 4 _aTYPOGRAPHY
650 0 4 _aCOMPARATIVE AND GENERAL
942 _2ddc
_cBK
999 _c24557
_d24557